000 00560nmm a2200169Ia 4500
008 251105s9999||||xx |||||||||||||||||und||
020 _a8479087358
041 _aspa
100 _aCalduch Cervera, J.
245 0 _aLa arquitectura moderna nacional :
_b De 1927 a 1935: la crisis del internacionalismo
264 _a[Madrid, España] :
_bPublicaciones de la Universidad de Alicante,
_c2003
300 _a232 páginas
490 _aArquitectura
650 _aArchitecture & Sculpture
856 _uhttps://public.digitaliapublishing.com/a/560
942 _cCF
999 _c73602
_d73602